LEADER 01013nam--2200361---450 001 990003212660203316 005 20211110101831.0 010 $a978-88-430-4484-9 035 $a000321266 035 $aUSA01000321266 035 $a(ALEPH)000321266USA01 035 $a000321266 100 $a20090401d2008----km-y0itay50------ba 101 $aita 102 $aIT 105 $a||||||||001yy 200 1 $aBreve storia dello Stato d'Israele$e1948-2008$fClaudio Vercelli 210 $aRoma$cCarocci$d2008 215 $a166 p.$cill.$d22 cm 225 2 $aQuality paperbacks$v236 410 0$12001$aQuality paperbacks$v236 454 1$12001 461 1$1001-------$12001 607 0 $aIsraele $xStoria$2BNCF 676 $a956.9405 700 1$bVERCELLI,$cClaudio$0472191 801 0$aIT$bsalbc$gISBD 912 $a990003212660203316 951 $aX.3.B. 4915$b208434 L.M.$cX.3.$d00206099 959 $aBK 969 $aUMA 996 $aBreve storia dello Stato d'Israele$9771616 997 $aUNISA LEADER 03026nam 2200673Ia 450 001 9910450457903321 005 20200520144314.0 010 $a1-280-53133-9 010 $a9786610531332 010 $a0-8213-6693-9 024 3 $z9780821366929 035 $a(CKB)1000000000247133 035 $a(EBL)459322 035 $a(OCoLC)317595781 035 $a(SSID)ssj0000085382 035 $a(PQKBManifestationID)11981183 035 $a(PQKBTitleCode)TC0000085382 035 $a(PQKBWorkID)10010530 035 $a(PQKB)10195973 035 $a(MiAaPQ)EBC459322 035 $a(Au-PeEL)EBL459322 035 $a(CaPaEBR)ebr10132035 035 $a(CaONFJC)MIL53133 035 $a(OCoLC)71553756 035 $a(EXLCZ)991000000000247133 100 $a20060825d2006 uf 0 101 0 $aeng 135 $aur|n|---||||| 181 $ctxt 182 $cc 183 $acr 200 10$aAnticorruption in transition 3$b[electronic resource] $ewho is succeeding ... and why? /$fJames H. Anderson, Cheryl W. Grey 210 $aWashington, D.C. $cWorld Bank$dc2006 215 $a1 online resource (130 p.) 300 $aDescription based upon print version of record. 311 $a0-8213-6692-0 320 $aIncludes bibliographical references (p. 101-105). 327 $aContents; Acknowledgments; Abbreviations and Acronyms; Executive Summary; Figures; 1 Introduction; Boxes; 2 Patterns of Corruption, 2002-2005; 3 What Influences the Extent of Corruption?; 4 Policies and Corruption Outcomes; 5 Closing Thoughts; Methodological Annex; Tables; Bibliography 330 $aThis is the third in a series of World Bank studies that examines patterns and trends in corruption in business-government interactions in the transition countries of Europe and Central Asia. The message of this series is positive: Corruption has fallen since 2000 in many transition countries in the region. Firms are paying bribes less frequently and in smaller amounts (as a share of reveneues) than in the past, and they see corruption as less of a problem for business. Reforms have accelerated in the past decade. Many countries are cutting red tape, simplifying taxes, and strengthening audits 606 $aPolitical corruption$zEurope, Eastern 606 $aPolitical corruption$zFormer Soviet republics 606 $aPrivatization$xCorrupt practices$zEurope, Eastern 606 $aPrivatization$xCorrupt practices$zFormer Soviet republics 608 $aElectronic books. 615 0$aPolitical corruption 615 0$aPolitical corruption 615 0$aPrivatization$xCorrupt practices 615 0$aPrivatization$xCorrupt practices 676 $a364.1323 700 $aAnderson$b James H$g(James Horton),$f1964-$0973353 701 $aGray$b Cheryl Williamson$f1954-$0942151 712 02$aWorld Bank. 801 0$bMiAaPQ 801 1$bMiAaPQ 801 2$bMiAaPQ 906 $aBOOK 912 $a9910450457903321 996 $aAnticorruption in transition 3$92465375 997 $aUNINA LEADER 01193nam 2200325Ia 450 001 996392224603316 005 20221108010627.0 035 $a(CKB)1000000000677944 035 $a(EEBO)2248505153 035 $a(OCoLC)15479745 035 $a(EXLCZ)991000000000677944 100 $a19870403d1651 uy | 101 0 $aeng 135 $aurbn||||a|bb| 200 12$aA solemn warning to all members of this kirk from the Commission of the Generall Assemblie$b[electronic resource] $ewith an act for censuring such as act or comply with the sectarian armie now infesting this kingdom 210 $aAberdene $cImprinted by James Brown ...$d1651 215 $a19 p 300 $aSigned: A. Ker. 300 $aReproduction of original in the Huntington Library. 330 $aeebo-0113 607 $aScotland$xChurch history$y17th century 607 $aGreat Britain$xHistory$yCommonwealth and Protectorate, 1649-1660 701 $aKer$b A$01001307 801 0$bEAJ 801 1$bEAJ 801 2$bWaOLN 906 $aBOOK 912 $a996392224603316 996 $aA solemn warning to all members of this kirk from the Commission of the Generall Assemblie$92403523 997 $aUNISA